[Event "Vienna Advent op"]
[Site "Vienna"]
[Date "2023.12.17"]
[Round "7"]
[White "Hellerschmid, Andreas"]
[Black "Pleininger, Rudolf"]
[Result "1-0"]
[WhiteElo "1652"]
[BlackElo "1909"]
[PlyCount "29"]
[EventDate "2023.12.11"]
[EventType "swiss"]
[EventRounds "7"]
[EventCountry "AUT"]
[SourceTitle "CBM 217 Extra"]
[Source "ChessBase"]
[SourceDate "2024.01.31"]
[SourceVersion "1"]
[SourceVersionDate "2024.01.31"]
[SourceQuality "1"]

1. e4 e5 2. Nc3 Nc6 3. Bc4 Nf6 4. d3 Bc5 5. f4 d6 6. Nf3 a6 7. f5 h6 8. Qe2 0-0 9. h3 b5 10. Bd5 Nxd5 11. Nxd5 Nd4 12. Nxd4 Bxd4 13. f6 c6 14. Ne7+ Kh7 15. Qh5 1-0

[Event "Vienna Advent op"]
[Site "Vienna"]
[Date "2023.12.13"]
[Round "3"]
[White "Hellerschmid, Andreas"]
[Black "Schuh, Fabian"]
[Result "1-0"]
[WhiteElo "1652"]
[BlackElo "1719"]
[PlyCount "89"]
[EventDate "2023.12.11"]
[EventType "swiss"]
[EventRounds "7"]
[EventCountry "AUT"]
[SourceTitle "CBM 217 Extra"]
[Source "ChessBase"]
[SourceDate "2024.01.31"]
[SourceVersion "1"]
[SourceVersionDate "2024.01.31"]
[SourceQuality "1"]

1. e4 c5 2. a3 g6 3. Nc3 Nc6 4. Bc4 Nf6 5. d3 Bg7 6. f4 d6 7. h3 a6 8. Nf3 b5 9. Ba2 Bb7 10. 0-0 0-0 11. Nd5 e6 12. Nxf6+ Bxf6 13. c3 Rc8 14. Bb1 Re8 15. Qe1 Qc7 16. Qg3 Bg7 17. Bc2 a5 18. Bd2 a4 19. Rae1 e5 20. f5 d5 21. fxg6 hxg6 22. Ng5 Nd8 23. Qh4 Qd6 24. Qh7+ Kf8 25. Nxf7 Nxf7 26. Rxf7+ Kxf7 27. Rf1+ Qf6 28. Rxf6+ Kxf6 29. Qh4+ Kf7 30. Qg4 Rc7 31. h4 Rh8 32. Qf3+ Ke6 33. Qg4+ Kf7 34. exd5 Bc8 35. Qf3+ Ke7 36. Bg5+ Kd6 37. g4 Rf8 38. Qe4 Rcf7 39. Qxg6+ Bf6 40. Bh6 Kxd5 41. Bxf8 Rxf8 42. g5 Be7 43. c4+ bxc4 44. dxc4+ Kd4 45. Qd3# 1-0

[Event "Vienna Advent op"]
[Site "Vienna"]
[Date "2023.12.12"]
[Round "2"]
[White "Hellerschmid, Andreas"]
[Black "Rusek, Walter"]
[Result "0-1"]
[WhiteElo "1652"]
[BlackElo "1826"]
[PlyCount "52"]
[EventDate "2023.12.11"]
[EventType "swiss"]
[EventRounds "7"]
[EventCountry "AUT"]
[SourceTitle "CBM 217 Extra"]
[Source "ChessBase"]
[SourceDate "2024.01.31"]
[SourceVersion "1"]
[SourceVersionDate "2024.01.31"]
[SourceQuality "1"]

1. e4 e6 2. b3 d5 3. Bb2 Nf6 4. e5 Nfd7 5. Qg4 Nc6 6. f4 Ne7 7. Nc3 h5 8. Qh3 g6 9. g4 Bh6 10. Nge2 hxg4 11. Qxg4 Nf5 12. h4 a6 13. h5 g5 14. Nxd5 c6 15. Ne3 Nb6 16. Nxf5 exf5 17. Qf3 Be6 18. c4 Nd5 19. cxd5 Bxd5 20. Qh3 Bxh1 21. Qxh1 gxf4 22. 0-0-0 Rg8 23. Qf3 Qa5 24. Kb1 0-0-0 25. d4 Qd5 26. Bg2 Rxg2 0-1

[Event "Vienna Advent op"]
[Site "Vienna"]
[Date "2023.12.11"]
[Round "1"]
[White "Gold, Theodor"]
[Black "Hellerschmid, Andreas"]
[Result "1-0"]
[WhiteElo "1900"]
[BlackElo "1652"]
[PlyCount "77"]
[EventDate "2023.12.11"]
[EventType "swiss"]
[EventRounds "7"]
[EventCountry "AUT"]
[SourceTitle "CBM 217 Extra"]
[Source "ChessBase"]
[SourceDate "2024.01.31"]
[SourceVersion "1"]
[SourceVersionDate "2024.01.31"]
[SourceQuality "1"]

1. e4 c6 2. d4 d5 3. e5 c5 4. Nf3 cxd4 5. Nxd4 Nc6 6. c4 e6 7. Nc3 Bb4 8. Nxc6 bxc6 9. Qa4 Bxc3+ 10. bxc3 Qc7 11. Be2 Ne7 12. f4 0-0 13. Ba3 Re8 14. 0-0 Nf5 15. Rab1 a5 16. Bc5 Bd7 17. g4 Nh6 18. h3 f6 19. Bd6 Qa7+ 20. c5 Nf7 21. Rb6 Nxd6 22. exd6 e5 23. Rfb1 exf4 24. Bd3 Rab8 25. Qxf4 Rxb6 26. cxb6 Qb7 27. c4 Bc8 28. c5 Qf7 29. Bf5 Bxf5 30. Qxf5 Qb7 31. Qf2 Kf7 32. Re1 Qd7 33. Kf1 d4 34. Rxe8 Qxe8 35. Qe2 Qc8 36. Qe7+ Kg6 37. b7 Qg8 38. Qe4+ Kg5 39. Qxd4 1-0

[Event "AUT-chT U18 rapid"]
[Site "Vienna"]
[Date "2023.10.29"]
[Round "1.3"]
[White "Hellerschmid, Andreas"]
[Black "Balint, Peter1"]
[Result "0-1"]
[WhiteElo "1670"]
[BlackElo "2206"]
[PlyCount "110"]
[EventDate "2023.10.29"]
[EventType "team-swiss"]
[EventRounds "7"]
[EventCountry "AUT"]
[SourceTitle "CBM 216 Extra"]
[Source "ChessBase"]
[SourceDate "2023.11.30"]
[SourceVersion "1"]
[SourceVersionDate "2023.11.30"]
[SourceQuality "1"]
[WhiteTeam "Vienna U18 II"]
[BlackTeam "Vienna U18"]
[WhiteTeamCountry "AUT"]
[BlackTeamCountry "AUT"]

1. d4 Nf6 2. Bg5 e6 3. Nd2 c5 4. e3 cxd4 5. exd4 h6 6. Bh4 Be7 7. c3 b6 8. Ngf3 0-0 9. Bd3 Ba6 10. Qe2 Bxd3 11. Qxd3 Nc6 12. Bxf6 Bxf6 13. Ne4 d5 14. Nxf6+ Qxf6 15. 0-0 Rab8 16. a4 Rfc8 17. Rfe1 Rc7 18. Ne5 Ne7 19. h3 Nf5 20. Qf3 Qg5 21. Kh2 Nd6 22. Qe3 Qxe3 23. Rxe3 f6 24. Nd3 Kf7 25. Rae1 Re7 26. b3 g5 27. f3 Rc8 28. Nf2 Nf5 29. Rd3 Rec7 30. Rc1 h5 31. Nd1 h4 32. Ne3 Nd6 33. Ng4 b5 34. Ne3 b4 35. Nd1 Nf5 36. Kg1 a5 37. Kf2 bxc3 38. Rcxc3 Rxc3 39. Nxc3 Nxd4 40. Rxd4 Rxc3 41. b4 axb4 42. Rxb4 Ra3 43. g3 Ra2+ 44. Kg1 hxg3 45. Rg4 e5 46. h4 gxh4 47. Rxh4 d4 48. Rh7+ Ke6 49. Ra7 d3 50. Ra6+ Kf5 51. Rd6 d2 52. Kf1 Ra1+ 53. Ke2 d1Q+ 54. Rxd1 Rxd1 55. Kxd1 g2 0-1

[Event "AUT-ch U18 Rapid"]
[Site "Vienna"]
[Date "2023.10.28"]
[Round "3"]
[White "Burgstaller, Bastian"]
[Black "Hellerschmid, Andreas"]
[Result "0-1"]
[WhiteElo "1457"]
[BlackElo "1670"]
[PlyCount "64"]
[EventDate "2023.10.27"]
[EventType "swiss"]
[EventRounds "9"]
[EventCountry "AUT"]
[SourceTitle "EXT 2025"]
[Source "ChessBase"]
[SourceDate "2024.10.14"]
[SourceVersion "1"]
[SourceVersionDate "2024.10.14"]
[SourceQuality "1"]

1. e4 c6 2. d4 d5 3. exd5 cxd5 4. Nc3 Nf6 5. Bd3 Nc6 6. Nf3 g6 7. 0-0 Bf5 8. Bxf5 gxf5 9. Re1 Ne4 10. Qd3 Rg8 11. Bf4 e6 12. a3 Qf6 13. Ne5 Nxe5 14. Bxe5 Qg6 15. g3 a6 16. Na4 Rc8 17. Qb3 b5 18. Nc3 Nd2 19. Qa2 Nf3+ 20. Kf1 Nxe1 21. Rxe1 Be7 22. a4 b4 23. Ne2 Rxc2 24. a5 Rc8 25. Qa4+ Kf8 26. Nf4 Qh6 27. Qd7 Re8 28. Rc1 f6 29. Nxe6+ Kf7 30. Bd6 Qxc1+ 31. Kg2 Qc8 32. Qa7 Kxe6 0-1